000 00516nam a2200193 i 4500
001 78625
003 ES-MaACL
005 20240612063030.0
007 t|
008 041015s1965 sp ||||1| spa d
100 1 _aVan-Halen, Juan,
_d1944-
_9138919
245 1 3 _aLa gran hora /
_cJuan van Halen.
260 _aMadrid :
_bEditora Nacional,
_c1965.
300 _a37 p. ;
_c21 cm.
490 1 _aPoesía
830 0 _aPoesía
_9177794
852 _aES-MaACL
_jE-2495
_bR.56593
999 _c78625
_d78625